المدخل لدراسة التشريعات البيئية / (رقم التسجيلة. 42127)
[ عرض عادي ]
| 000 -الفاتح | |
|---|---|
| حقل البيانات ثابتة الطول | 00896nam a22002297a 4500 |
| 003 - محدد رقم الضبط | |
| رقم الضبط | OSt |
| 005 - وقت وتاريخ اخر تعامل مع التسجيلة | |
| رقم الضبط | 20180423130517.0 |
| 008 - عناصر البيانات ثابتة الطول - معلومات عامة | |
| حقل البيانات ثابتة الطول | 170708s2018 ua g b 000 0 ara d |
| 020 ## - الرقم الدولى المعيارى للكتب | |
| الرقم الدولى المعيارى للكتاب | 9789774402696 |
| 040 ## - مصدر الفهرسة | |
| وكالة الفهرسة الأصلية | Ma-Un |
| لغة الفهرسة | ara |
| وكالة النسخ | Dar Arab |
| 082 ## - رقم تصنيف ديوى العشرى | |
| رقم الطبعة | 21 |
| رقم التصنيف | 344.624046 |
| رقم المادة | ج م م |
| 100 1# - المدخل الرئيسى - إسم شخصى | |
| 9 (RLIN) | 58143 |
| الإسم الشخصى | الجزولي، محمد الفاتح |
| 245 12 - بيان العنوان | |
| العنوان | المدخل لدراسة التشريعات البيئية / |
| بيان المسئوليه,etc | محمد الفاتح الجزولي. |
| 250 ## - بيان الطبعة | |
| بيان الطبعة | ط. 1. |
| 260 ## - PUBLICATION, DISTRIBUTION, ETC. (IMPRINT) | |
| مكان الناشر او الموزع | القاهرة : |
| اسم الناشر او الموزع | الدار العالمية، |
| تاريخ النشر أو التوزيع | 2018. |
| 300 ## - الوصف المادى | |
| التعداد | 225 ص. ؛ |
| أبعاد الوعاء | 24 سم. |
| 504 ## - تبصرة ببليوجرافية | |
| تبصرة ببليوجرافية,الخ | يشتمل على إرجاعات ببليوجرافية. |
| 650 #4 - المدخل الاضافى بالموضوع-مصطلح موضوعى | |
| مصطلح موضوعي أو اسم جغرافي كعنصر مدخل | البيئة |
| التقسيم الفرعي العام | قوانين وتشريعات |
| التقسيم الفرعي الجغرافي | السودان |
| 9 (RLIN) | 62826 |
| 650 #4 - المدخل الاضافى بالموضوع-مصطلح موضوعى | |
| مصطلح موضوعي أو اسم جغرافي كعنصر مدخل | حماية البيئة |
| التقسيم الفرعي العام | قوانين وتشريعات |
| التقسيم الفرعي الجغرافي | السودان |
| 9 (RLIN) | 62827 |
| 650 #4 - المدخل الاضافى بالموضوع-مصطلح موضوعى | |
| مصطلح موضوعي أو اسم جغرافي كعنصر مدخل | الإسلام والبيئة |
| 9 (RLIN) | 13009 |
| 942 ## - عناصر المدخل الإضافي( كوها) | |
| Koha [default] item type | كتاب |
| حالة الفقد | نموذج السعر الفعال | حالة تلف | ليس للاعارة | رقم الطلب | رقم النسخة | تاريخ الاكتساب | الموقع الحالي | الباركود | الفرع الرئيسي | Date last seen | نوع المادة فى نظام كوها | مصدر التصنيف او خطة الترفيف | Total Checkouts |
|---|---|---|---|---|---|---|---|---|---|---|---|---|---|
| 2018-04-23 | Not For Loan | 344.624046 ج م م | 1 | 2018-04-23 | المكتبة المركزية بالمجمعة (CL) | 00244355 | المكتبة المركزية بالمجمعة (CL) | 2018-04-23 | كتاب | Dewey Decimal Classification | |||
| 2018-04-23 | 344.624046 ج م م | 2 | 2018-04-23 | المكتبة المركزية بالمجمعة (CL) | 00244354 | المكتبة المركزية بالمجمعة (CL) | 2018-04-23 | كتاب | Dewey Decimal Classification | ||||
| 2018-04-23 | 344.624046 ج م م | 3 | 2018-04-23 | المكتبة المركزية بالمجمعة (CL) | 00244353 | المكتبة المركزية بالمجمعة (CL) | 2018-04-23 | كتاب | Dewey Decimal Classification | ||||
| 2018-04-23 | Not For Loan | 344.624046 ج م م | 1 | 2018-04-23 | كلية الشريعة والقانون - طلاب | 00244350 | كلية الشريعة والقانون - طلاب | 2018-04-23 | كتاب | Dewey Decimal Classification | |||
| 2018-04-23 | 344.624046 ج م م | 2 | 2018-04-23 | كلية الشريعة والقانون - طلاب | 00244349 | كلية الشريعة والقانون - طلاب | 2018-04-23 | كتاب | Dewey Decimal Classification | ||||
| 2018-04-23 | Not For Loan | 344.624046 ج م م | 1 | 2018-04-23 | مكتبة مجمع الكليات بالزلفى - طلاب (SZM) | 00244352 | مكتبة مجمع الكليات بالزلفى - طلاب (SZM) | 2018-04-23 | كتاب | Dewey Decimal Classification | |||
| 2018-04-23 | 344.624046 ج م م | 2 | 2018-04-23 | مكتبة مجمع الكليات بالزلفى - طلاب (SZM) | 00244351 | مكتبة مجمع الكليات بالزلفى - طلاب (SZM) | 2018-04-23 | كتاب | Dewey Decimal Classification |
